GS Kenmerkende aspecten - Statistieken

Algemene statistieken
  • Deze quiz is 335 keer genomen
  • De gemiddelde score is 152 van 250
Antwoordstatistieken
Vraag Vak Select % Correct
Tijd van jagers en boeren De confrontatie van de Grieks-Romeinse cultuur met de Germaanse cultuur v NW-Europa Nee
91%
Tijd van jagers en boeren Begin vd Europese overzeese expansie Nee
90%
Tijd van jagers en boeren Conflict in christelijke wereld over of wereldlijke / geestelijke macht primaat behoort te hebben Nee
90%
Tijd van jagers en boeren Conflict in Nederlanden heeft stichting v Nederlandse staat tot gevolg Nee
90%
Tijd van jagers en boeren De ontwikkeling van het Jodendom en het christendom als eerste monotheistische godsdiensten Nee
90%
Tijd van jagers en boeren Expansie christelijke wereld naar buiten (europa) o.a. dmv kruistochten Nee
90%
Tijd van jagers en boeren Groei v.h. Romeinse imperium waardoor de Grieks-Romeinse cultuur zich in Europa verspreidde Nee
90%
Tijd van jagers en boeren Hernieuwde orientatie op erfgoed v klassieke oudheid Nee
90%
Tijd van jagers en boeren Ontwikkeling v wetenschappelijk denken, denken over burgerschap+politiek in Griekse stadstaat Nee
90%
Tijd van jagers en boeren Opkomst v stedelijke burgerij en toenemende zelfstandigheid steden Nee
90%
Tijd van jagers en boeren protestantse reformatie heeft splitsing v christelijke kerk in W-Europa tot gevolg Nee
90%
Tijd van jagers en boeren Staatkundig bijzondere plaats en bloei economisch/cultureel van Nederlandse republiek Nee
90%
Tijd van jagers en boeren Streven van vorsten naar absolute macht Nee
90%
Tijd van jagers en boeren Veranderend mens/wereldbeeld van renaissance, begin v nieuwe wetenschappelijke belangstelling Nee
90%
Tijd van jagers en boeren Verspreiding vh christendom in geheel Europa Nee
90%
Tijd van jagers en boeren Wereldwijde handelscontacten, handelskapitalisme, begin v wereldeconomie Nee
90%
Tijd van jagers en boeren Begin v staatsvorming + centralisatie Nee
89%
Tijd van jagers en boeren Ontstaan v feodale verhoudingen in bestuur Nee
89%
Tijd van jagers en boeren De klassieke vormentaal van de Grieks-Romeinse cultuur Nee
88%
Tijd van jagers en boeren Ontstaan en verspreiding van Islam Nee
88%
Tijd van jagers en boeren bijna volledige vervanging agrarisch urbane cultuur> zelfvoorzienend agrarische cultuur dmv hofstels Nee
87%
Tijd van jagers en boeren Opkomst v handel/ambacht legt de basis voor herleven v agrarisch urbane samenleving Nee
87%
Tijd van jagers en boeren De levenswijze van jagers en verzamelaars Ja
85%
Tijd van jagers en boeren Het ontstaan van landbouw en landbouwsamenlevingen Ja
82%
Tijd van Grieken en Romeinen Begin vd Europese overzeese expansie Nee
80%
Tijd van Grieken en Romeinen Conflict in christelijke wereld over of wereldlijke / geestelijke macht primaat behoort te hebben Nee
80%
Tijd van Grieken en Romeinen Conflict in Nederlanden heeft stichting v Nederlandse staat tot gevolg Nee
80%
Tijd van Grieken en Romeinen De levenswijze van jagers en verzamelaars Nee
80%
Tijd van Grieken en Romeinen Opkomst v handel/ambacht legt de basis voor herleven v agrarisch urbane samenleving Nee
80%
Tijd van Grieken en Romeinen Opkomst v stedelijke burgerij en toenemende zelfstandigheid steden Nee
80%
Tijd van Grieken en Romeinen protestantse reformatie heeft splitsing v christelijke kerk in W-Europa tot gevolg Nee
80%
Tijd van Grieken en Romeinen Staatkundig bijzondere plaats en bloei economisch/cultureel van Nederlandse republiek Nee
80%
Tijd van Grieken en Romeinen Wereldwijde handelscontacten, handelskapitalisme, begin v wereldeconomie Nee
80%
Tijd van Grieken en Romeinen bijna volledige vervanging agrarisch urbane cultuur> zelfvoorzienend agrarische cultuur dmv hofstels Nee
79%
Tijd van Grieken en Romeinen Expansie christelijke wereld naar buiten (europa) o.a. dmv kruistochten Nee
79%
Tijd van Grieken en Romeinen Het ontstaan van landbouw en landbouwsamenlevingen Nee
79%
Tijd van Grieken en Romeinen Ontstaan v feodale verhoudingen in bestuur Nee
79%
Tijd van Grieken en Romeinen Streven van vorsten naar absolute macht Nee
79%
Tijd van Grieken en Romeinen Veranderend mens/wereldbeeld van renaissance, begin v nieuwe wetenschappelijke belangstelling Nee
79%
Tijd van Grieken en Romeinen Ontstaan en verspreiding van Islam Nee
78%
Tijd van Grieken en Romeinen Hernieuwde orientatie op erfgoed v klassieke oudheid Nee
77%
Tijd van Grieken en Romeinen Verspreiding vh christendom in geheel Europa Nee
77%
Tijd van Grieken en Romeinen Begin v staatsvorming + centralisatie Nee
76%
Tijd van jagers en boeren Het ontstaan van de eerste stedelijke gemeenschappen Ja
76%
Tijd van Grieken en Romeinen Het ontstaan van de eerste stedelijke gemeenschappen Nee
76%
Tijd van Grieken en Romeinen Groei v.h. Romeinse imperium waardoor de Grieks-Romeinse cultuur zich in Europa verspreidde Ja
74%
Tijd van Grieken en Romeinen De confrontatie van de Grieks-Romeinse cultuur met de Germaanse cultuur v NW-Europa Ja
73%
Tijd van Grieken en Romeinen De klassieke vormentaal van de Grieks-Romeinse cultuur Ja
73%
Tijd van monniken en ridders De levenswijze van jagers en verzamelaars Nee
70%
Tijd van monniken en ridders Begin vd Europese overzeese expansie Nee
69%
Tijd van monniken en ridders Conflict in Nederlanden heeft stichting v Nederlandse staat tot gevolg Nee
69%
Tijd van monniken en ridders De confrontatie van de Grieks-Romeinse cultuur met de Germaanse cultuur v NW-Europa Nee
69%
Tijd van monniken en ridders De klassieke vormentaal van de Grieks-Romeinse cultuur Nee
69%
Tijd van monniken en ridders Groei v.h. Romeinse imperium waardoor de Grieks-Romeinse cultuur zich in Europa verspreidde Nee
69%
Tijd van monniken en ridders Ontwikkeling v wetenschappelijk denken, denken over burgerschap+politiek in Griekse stadstaat Nee
69%
Tijd van monniken en ridders Staatkundig bijzondere plaats en bloei economisch/cultureel van Nederlandse republiek Nee
69%
Tijd van monniken en ridders Streven van vorsten naar absolute macht Nee
69%
Tijd van monniken en ridders Veranderend mens/wereldbeeld van renaissance, begin v nieuwe wetenschappelijke belangstelling Nee
69%
Tijd van monniken en ridders Wereldwijde handelscontacten, handelskapitalisme, begin v wereldeconomie Nee
69%
Tijd van ontdekkers en hervormers bijna volledige vervanging agrarisch urbane cultuur> zelfvoorzienend agrarische cultuur dmv hofstels Nee
68%
Tijd van ontdekkers en hervormers De confrontatie van de Grieks-Romeinse cultuur met de Germaanse cultuur v NW-Europa Nee
68%
Tijd van ontdekkers en hervormers De levenswijze van jagers en verzamelaars Nee
68%
Tijd van ontdekkers en hervormers De ontwikkeling van het Jodendom en het christendom als eerste monotheistische godsdiensten Nee
68%
Tijd van ontdekkers en hervormers Groei v.h. Romeinse imperium waardoor de Grieks-Romeinse cultuur zich in Europa verspreidde Nee
68%
Tijd van monniken en ridders Hernieuwde orientatie op erfgoed v klassieke oudheid Nee
68%
Tijd van monniken en ridders Het ontstaan van de eerste stedelijke gemeenschappen Nee
68%
Tijd van ontdekkers en hervormers Het ontstaan van de eerste stedelijke gemeenschappen Nee
68%
Tijd van monniken en ridders Het ontstaan van landbouw en landbouwsamenlevingen Nee
68%
Tijd van ontdekkers en hervormers Het ontstaan van landbouw en landbouwsamenlevingen Nee
68%
Tijd van ontdekkers en hervormers Ontstaan en verspreiding van Islam Nee
68%
Tijd van ontdekkers en hervormers Ontstaan v feodale verhoudingen in bestuur Nee
68%
Tijd van ontdekkers en hervormers Ontwikkeling v wetenschappelijk denken, denken over burgerschap+politiek in Griekse stadstaat Nee
68%
Tijd van monniken en ridders Begin v staatsvorming + centralisatie Nee
67%
Tijd van Grieken en Romeinen Ontwikkeling v wetenschappelijk denken, denken over burgerschap+politiek in Griekse stadstaat Ja
67%
Tijd van ontdekkers en hervormers Opkomst v handel/ambacht legt de basis voor herleven v agrarisch urbane samenleving Nee
67%
Tijd van monniken en ridders protestantse reformatie heeft splitsing v christelijke kerk in W-Europa tot gevolg Nee
67%
Tijd van ontdekkers en hervormers Opkomst v stedelijke burgerij en toenemende zelfstandigheid steden Nee
66%
Tijd van ontdekkers en hervormers Verspreiding vh christendom in geheel Europa Nee
66%
Tijd van ontdekkers en hervormers Begin v staatsvorming + centralisatie Nee
64%
Tijd van monniken en ridders Conflict in christelijke wereld over of wereldlijke / geestelijke macht primaat behoort te hebben Nee
64%
Tijd van ontdekkers en hervormers Conflict in christelijke wereld over of wereldlijke / geestelijke macht primaat behoort te hebben Nee
63%
Tijd van monniken en ridders De ontwikkeling van het Jodendom en het christendom als eerste monotheistische godsdiensten Nee
63%
Tijd van monniken en ridders Opkomst v handel/ambacht legt de basis voor herleven v agrarisch urbane samenleving Nee
63%
Tijd van monniken en ridders Opkomst v stedelijke burgerij en toenemende zelfstandigheid steden Nee
63%
Tijd van ontdekkers en hervormers Expansie christelijke wereld naar buiten (europa) o.a. dmv kruistochten Nee
62%
Tijd van ontdekkers en hervormers Staatkundig bijzondere plaats en bloei economisch/cultureel van Nederlandse republiek Nee
62%
Tijd van ontdekkers en hervormers Streven van vorsten naar absolute macht Nee
62%
Tijd van ontdekkers en hervormers Wetenschappelijke revolutie Nee
62%
Tijd van steden en staten De confrontatie van de Grieks-Romeinse cultuur met de Germaanse cultuur v NW-Europa Nee
61%
Tijd van steden en staten De klassieke vormentaal van de Grieks-Romeinse cultuur Nee
61%
Tijd van steden en staten De levenswijze van jagers en verzamelaars Nee
61%
Tijd van steden en staten Groei v.h. Romeinse imperium waardoor de Grieks-Romeinse cultuur zich in Europa verspreidde Nee
61%
Tijd van steden en staten Het ontstaan van landbouw en landbouwsamenlevingen Nee
61%
Tijd van regenten en vorsten bijna volledige vervanging agrarisch urbane cultuur> zelfvoorzienend agrarische cultuur dmv hofstels Nee
60%
Tijd van regenten en vorsten De confrontatie van de Grieks-Romeinse cultuur met de Germaanse cultuur v NW-Europa Nee
60%
Tijd van regenten en vorsten De levenswijze van jagers en verzamelaars Nee
60%
Tijd van steden en staten De ontwikkeling van het Jodendom en het christendom als eerste monotheistische godsdiensten Nee
60%
Tijd van regenten en vorsten De ontwikkeling van het Jodendom en het christendom als eerste monotheistische godsdiensten Nee
60%
Tijd van regenten en vorsten Expansie christelijke wereld naar buiten (europa) o.a. dmv kruistochten Nee
60%
Tijd van regenten en vorsten Groei v.h. Romeinse imperium waardoor de Grieks-Romeinse cultuur zich in Europa verspreidde Nee
60%
Tijd van regenten en vorsten Het ontstaan van de eerste stedelijke gemeenschappen Nee
60%
Tijd van regenten en vorsten Het ontstaan van landbouw en landbouwsamenlevingen Nee
60%
Tijd van regenten en vorsten Ontstaan en verspreiding van Islam Nee
60%
Tijd van regenten en vorsten Ontstaan v feodale verhoudingen in bestuur Nee
60%
Tijd van steden en staten Ontwikkeling v wetenschappelijk denken, denken over burgerschap+politiek in Griekse stadstaat Nee
60%
Tijd van regenten en vorsten Ontwikkeling v wetenschappelijk denken, denken over burgerschap+politiek in Griekse stadstaat Nee
60%
Tijd van regenten en vorsten Opkomst v handel/ambacht legt de basis voor herleven v agrarisch urbane samenleving Nee
60%
Tijd van steden en staten Veranderend mens/wereldbeeld van renaissance, begin v nieuwe wetenschappelijke belangstelling Nee
60%
Tijd van regenten en vorsten Verspreiding vh christendom in geheel Europa Nee
60%
Tijd van Grieken en Romeinen De ontwikkeling van het Jodendom en het christendom als eerste monotheistische godsdiensten Ja
59%
Tijd van steden en staten Hernieuwde orientatie op erfgoed v klassieke oudheid Nee
59%
Tijd van steden en staten Het ontstaan van de eerste stedelijke gemeenschappen Nee
59%
Tijd van regenten en vorsten Opkomst v stedelijke burgerij en toenemende zelfstandigheid steden Nee
59%
Tijd van steden en staten Staatkundig bijzondere plaats en bloei economisch/cultureel van Nederlandse republiek Nee
59%
Tijd van steden en staten Wereldwijde handelscontacten, handelskapitalisme, begin v wereldeconomie Nee
59%
Tijd van steden en staten Begin vd Europese overzeese expansie Nee
58%
Tijd van regenten en vorsten Begin vd Europese overzeese expansie Nee
58%
Tijd van steden en staten Conflict in Nederlanden heeft stichting v Nederlandse staat tot gevolg Nee
58%
Tijd van steden en staten protestantse reformatie heeft splitsing v christelijke kerk in W-Europa tot gevolg Nee
58%
Tijd van monniken en ridders Expansie christelijke wereld naar buiten (europa) o.a. dmv kruistochten Nee
57%
Tijd van steden en staten Ontstaan en verspreiding van Islam Nee
57%
Tijd van ontdekkers en hervormers Begin vd Europese overzeese expansie Ja
56%
Tijd van regenten en vorsten Begin v staatsvorming + centralisatie Nee
56%
Tijd van pruiken en revoluties bijna volledige vervanging agrarisch urbane cultuur> zelfvoorzienend agrarische cultuur dmv hofstels Nee
56%
Tijd van pruiken en revoluties De confrontatie van de Grieks-Romeinse cultuur met de Germaanse cultuur v NW-Europa Nee
56%
Tijd van pruiken en revoluties De ontwikkeling van het Jodendom en het christendom als eerste monotheistische godsdiensten Nee
56%
Tijd van pruiken en revoluties Groei v.h. Romeinse imperium waardoor de Grieks-Romeinse cultuur zich in Europa verspreidde Nee
56%
Tijd van regenten en vorsten Hernieuwde orientatie op erfgoed v klassieke oudheid Nee
56%
Tijd van pruiken en revoluties Het ontstaan van de eerste stedelijke gemeenschappen Nee
56%
Tijd van monniken en ridders Ontstaan en verspreiding van Islam Ja
56%
Tijd van pruiken en revoluties Verspreiding vh christendom in geheel Europa Nee
56%
Tijd van regenten en vorsten Conflict in christelijke wereld over of wereldlijke / geestelijke macht primaat behoort te hebben Nee
55%
Tijd van pruiken en revoluties Conflict in christelijke wereld over of wereldlijke / geestelijke macht primaat behoort te hebben Nee
55%
Tijd van pruiken en revoluties Expansie christelijke wereld naar buiten (europa) o.a. dmv kruistochten Nee
55%
Tijd van pruiken en revoluties Hernieuwde orientatie op erfgoed v klassieke oudheid Nee
55%
Tijd van pruiken en revoluties Het ontstaan van landbouw en landbouwsamenlevingen Nee
55%
Tijd van monniken en ridders Ontstaan v feodale verhoudingen in bestuur Ja
55%
Tijd van pruiken en revoluties Ontstaan v feodale verhoudingen in bestuur Nee
55%
Tijd van pruiken en revoluties Opkomst v handel/ambacht legt de basis voor herleven v agrarisch urbane samenleving Nee
55%
Tijd van pruiken en revoluties Opkomst v stedelijke burgerij en toenemende zelfstandigheid steden Nee
55%
Tijd van pruiken en revoluties protestantse reformatie heeft splitsing v christelijke kerk in W-Europa tot gevolg Nee
55%
Tijd van steden en staten Streven van vorsten naar absolute macht Nee
55%
Tijd van regenten en vorsten Veranderend mens/wereldbeeld van renaissance, begin v nieuwe wetenschappelijke belangstelling Nee
55%
Tijd van ontdekkers en hervormers Wereldwijde handelscontacten, handelskapitalisme, begin v wereldeconomie Nee
55%
Tijd van pruiken en revoluties Begin v staatsvorming + centralisatie Nee
54%
Tijd van burgers en stoommachines Begin v staatsvorming + centralisatie Nee
54%
Tijd van monniken en ridders bijna volledige vervanging agrarisch urbane cultuur> zelfvoorzienend agrarische cultuur dmv hofstels Ja
54%
Tijd van steden en staten bijna volledige vervanging agrarisch urbane cultuur> zelfvoorzienend agrarische cultuur dmv hofstels Nee
54%
Tijd van burgers en stoommachines bijna volledige vervanging agrarisch urbane cultuur> zelfvoorzienend agrarische cultuur dmv hofstels Nee
54%
Tijd van burgers en stoommachines Conflict in christelijke wereld over of wereldlijke / geestelijke macht primaat behoort te hebben Nee
54%
Tijd van burgers en stoommachines De confrontatie van de Grieks-Romeinse cultuur met de Germaanse cultuur v NW-Europa Nee
54%
Tijd van burgers en stoommachines De ontwikkeling van het Jodendom en het christendom als eerste monotheistische godsdiensten Nee
54%
Tijd van burgers en stoommachines Expansie christelijke wereld naar buiten (europa) o.a. dmv kruistochten Nee
54%
Tijd van burgers en stoommachines Hernieuwde orientatie op erfgoed v klassieke oudheid Nee
54%
Tijd van burgers en stoommachines Ontstaan v feodale verhoudingen in bestuur Nee
54%
Tijd van pruiken en revoluties Ontwikkeling v wetenschappelijk denken, denken over burgerschap+politiek in Griekse stadstaat Nee
54%
Tijd van burgers en stoommachines Ontwikkeling v wetenschappelijk denken, denken over burgerschap+politiek in Griekse stadstaat Nee
54%
Tijd van burgers en stoommachines Opkomst v handel/ambacht legt de basis voor herleven v agrarisch urbane samenleving Nee
54%
Tijd van regenten en vorsten protestantse reformatie heeft splitsing v christelijke kerk in W-Europa tot gevolg Nee
54%
Tijd van burgers en stoommachines protestantse reformatie heeft splitsing v christelijke kerk in W-Europa tot gevolg Nee
54%
Tijd van burgers en stoommachines Staatkundig bijzondere plaats en bloei economisch/cultureel van Nederlandse republiek Nee
54%
Tijd van burgers en stoommachines Streven van vorsten naar absolute macht Nee
54%
Tijd van burgers en stoommachines Veranderend mens/wereldbeeld van renaissance, begin v nieuwe wetenschappelijke belangstelling Nee
54%
Tijd van steden en staten Verspreiding vh christendom in geheel Europa Nee
54%
Tijd van burgers en stoommachines Verspreiding vh christendom in geheel Europa Nee
54%
Tijd van pruiken en revoluties Wereldwijde handelscontacten, handelskapitalisme, begin v wereldeconomie Nee
54%
Tijd van burgers en stoommachines Wereldwijde handelscontacten, handelskapitalisme, begin v wereldeconomie Nee
54%
Tijd van pruiken en revoluties Conflict in Nederlanden heeft stichting v Nederlandse staat tot gevolg Nee
53%
Tijd van burgers en stoommachines Conflict in Nederlanden heeft stichting v Nederlandse staat tot gevolg Nee
53%
Tijd van steden en staten Ontstaan v feodale verhoudingen in bestuur Nee
53%
Tijd van pruiken en revoluties Streven van vorsten naar absolute macht Nee
53%
Tijd van pruiken en revoluties Veranderend mens/wereldbeeld van renaissance, begin v nieuwe wetenschappelijke belangstelling Nee
53%
Tijd van monniken en ridders Verspreiding vh christendom in geheel Europa Ja
53%
Tijd van pruiken en revoluties Staatkundig bijzondere plaats en bloei economisch/cultureel van Nederlandse republiek Nee
52%
Tijd van burgers en stoommachines Voortbestaan v ancien regime, pogingen bestuur verlicht vorm te geven (verlicht absolutisme) Nee
52%
Tijd van wereldoorlogen Begin vd Europese overzeese expansie Nee
51%
Tijd van televisie en computer Begin vd Europese overzeese expansie Nee
51%
Tijd van wereldoorlogen Begin v staatsvorming + centralisatie Nee
51%
Tijd van wereldoorlogen bijna volledige vervanging agrarisch urbane cultuur> zelfvoorzienend agrarische cultuur dmv hofstels Nee
51%
Tijd van wereldoorlogen Conflict in christelijke wereld over of wereldlijke / geestelijke macht primaat behoort te hebben Nee
51%
Tijd van televisie en computer Conflict in christelijke wereld over of wereldlijke / geestelijke macht primaat behoort te hebben Nee
51%
Tijd van wereldoorlogen Conflict in Nederlanden heeft stichting v Nederlandse staat tot gevolg Nee
51%
Tijd van wereldoorlogen De confrontatie van de Grieks-Romeinse cultuur met de Germaanse cultuur v NW-Europa Nee
51%
Tijd van televisie en computer De confrontatie van de Grieks-Romeinse cultuur met de Germaanse cultuur v NW-Europa Nee
51%
Tijd van wereldoorlogen Expansie christelijke wereld naar buiten (europa) o.a. dmv kruistochten Nee
51%
Tijd van televisie en computer Expansie christelijke wereld naar buiten (europa) o.a. dmv kruistochten Nee
51%
Tijd van ontdekkers en hervormers Hernieuwde orientatie op erfgoed v klassieke oudheid Ja
51%
Tijd van televisie en computer Hernieuwde orientatie op erfgoed v klassieke oudheid Nee
51%
Tijd van wereldoorlogen Ontwikkeling v wetenschappelijk denken, denken over burgerschap+politiek in Griekse stadstaat Nee
51%
Tijd van wereldoorlogen Opkomst v handel/ambacht legt de basis voor herleven v agrarisch urbane samenleving Nee
51%
Tijd van televisie en computer Opkomst v handel/ambacht legt de basis voor herleven v agrarisch urbane samenleving Nee
51%
Tijd van wereldoorlogen Opkomst v stedelijke burgerij en toenemende zelfstandigheid steden Nee
51%
Tijd van televisie en computer Opkomst v stedelijke burgerij en toenemende zelfstandigheid steden Nee
51%
Tijd van ontdekkers en hervormers protestantse reformatie heeft splitsing v christelijke kerk in W-Europa tot gevolg Ja
51%
Tijd van wereldoorlogen protestantse reformatie heeft splitsing v christelijke kerk in W-Europa tot gevolg Nee
51%
Tijd van televisie en computer protestantse reformatie heeft splitsing v christelijke kerk in W-Europa tot gevolg Nee
51%
Tijd van pruiken en revoluties Rationaal optimisme en 'verlicht denken' in alle terreinen vd samenleving (politics god eco sociaal) Ja
51%
Tijd van wereldoorlogen Staatkundig bijzondere plaats en bloei economisch/cultureel van Nederlandse republiek Nee
51%
Tijd van wereldoorlogen Streven van vorsten naar absolute macht Nee
51%
Tijd van televisie en computer Streven van vorsten naar absolute macht Nee
51%
Tijd van wereldoorlogen Veranderend mens/wereldbeeld van renaissance, begin v nieuwe wetenschappelijke belangstelling Nee
51%
Tijd van televisie en computer Verspreiding vh christendom in geheel Europa Nee
51%
Tijd van pruiken en revoluties Voortbestaan v ancien regime, pogingen bestuur verlicht vorm te geven (verlicht absolutisme) Ja
51%
Tijd van wereldoorlogen Wereldwijde handelscontacten, handelskapitalisme, begin v wereldeconomie Nee
51%
Tijd van televisie en computer Begin v staatsvorming + centralisatie Nee
50%
Tijd van televisie en computer bijna volledige vervanging agrarisch urbane cultuur> zelfvoorzienend agrarische cultuur dmv hofstels Nee
50%
Tijd van televisie en computer Conflict in Nederlanden heeft stichting v Nederlandse staat tot gevolg Nee
50%
Tijd van televisie en computer Groei v.h. Romeinse imperium waardoor de Grieks-Romeinse cultuur zich in Europa verspreidde Nee
50%
Tijd van burgers en stoommachines Industriële revolutie legt in westerse wereld de basis voor industriële samenleving Ja
50%
Tijd van televisie en computer Ontstaan en verspreiding van Islam Nee
50%
Tijd van televisie en computer Ontstaan v feodale verhoudingen in bestuur Nee
50%
Tijd van televisie en computer Ontwikkeling v wetenschappelijk denken, denken over burgerschap+politiek in Griekse stadstaat Nee
50%
Tijd van televisie en computer Staatkundig bijzondere plaats en bloei economisch/cultureel van Nederlandse republiek Nee
50%
Tijd van ontdekkers en hervormers Veranderend mens/wereldbeeld van renaissance, begin v nieuwe wetenschappelijke belangstelling Ja
50%
Tijd van televisie en computer Veranderend mens/wereldbeeld van renaissance, begin v nieuwe wetenschappelijke belangstelling Nee
50%
Tijd van televisie en computer Wereldwijde handelscontacten, handelskapitalisme, begin v wereldeconomie Nee
50%
Tijd van burgers en stoommachines Discussies over sociale kwestie Ja
49%
Tijd van wereldoorlogen Het voeren van twee wereldoorlogen Ja
49%
Tijd van steden en staten Opkomst v stedelijke burgerij en toenemende zelfstandigheid steden Ja
49%
Tijd van regenten en vorsten Conflict in Nederlanden heeft stichting v Nederlandse staat tot gevolg Nee
48%
Tijd van wereldoorlogen Duitse bezetting v Nederland Ja
48%
Tijd van televisie en computer Eenwording v Europa Ja
48%
Tijd van burgers en stoommachines Moderne vorm v imperialisme die verband hield met industrialisatie Ja
48%
Tijd van wereldoorlogen Ontwikkeling v pluriforme en multiculturele samenleving Nee
48%
Tijd van burgers en stoommachines Opkomst v emancipatiebewegingen Ja
48%
Tijd van wereldoorlogen Racisme en discriminatie leidden tot genocide, vooral op Joden Ja
48%
Tijd van regenten en vorsten Streven van vorsten naar absolute macht Ja
48%
Tijd van pruiken en revoluties Democratische revoluties in westerse landen, discussies: grondwetten grondrechten staatsburgerschap Ja
47%
Tijd van wereldoorlogen In praktijk brengen v totalitaire ideologieen, Comm en NaSo/Fasc Ja
47%
Tijd van steden en staten Opkomst v handel/ambacht legt de basis voor herleven v agrarisch urbane samenleving Ja
47%
Tijd van wereldoorlogen Rol v moderne propaganda- communicatiemiddelen en vormen van massaorganisatie Ja
47%
Tijd van regenten en vorsten Staatkundig bijzondere plaats en bloei economisch/cultureel van Nederlandse republiek Ja
47%
Tijd van wereldoorlogen Verwoesting niet eerder vertoonde schaal dmv massavernietigingswapens betrokkenheid burgerbevolking Ja
47%
Tijd van regenten en vorsten Wetenschappelijke revolutie Ja
47%
Tijd van steden en staten Begin v staatsvorming + centralisatie Ja
46%
Tijd van ontdekkers en hervormers Conflict in Nederlanden heeft stichting v Nederlandse staat tot gevolg Ja
46%
Tijd van televisie en computer Ontwikkeling pluriforme en multiculturele samenlevingen Ja
46%
Tijd van televisie en computer Toenemende westerse welvaart gaf v.a jaren 60 20e eeuw aanleiding tot soc.cult veranderingsprocess Ja
46%
Tijd van pruiken en revoluties Uitbouw europese overheersing idvv plantagekolonien, trans atlantische slavenhandel, abolitionisme Ja
46%
Tijd van televisie en computer Verdeling vd wereld in twee ideologische blokken in wapenwedloop, daaruit dreiging atoomoorlog Ja
45%
Tijd van burgers en stoommachines politiek maatschappelijke stromingen (liberalism nationalism feminism socialism) confessionalisme) Ja
44%
Tijd van wereldoorlogen Crisis vh wereldkapitalisme Ja
43%
Tijd van televisie en computer Dekolonisatie maakt eind aan westerse hegemonie in wereld Ja
43%
Tijd van steden en staten Conflict in christelijke wereld over of wereldlijke / geestelijke macht primaat behoort te hebben Ja
42%
Tijd van wereldoorlogen Dekolonisatie maakt eind aan westerse hegemonie in wereld Nee
42%
Tijd van regenten en vorsten Wereldwijde handelscontacten, handelskapitalisme, begin v wereldeconomie Ja
41%
Tijd van steden en staten Expansie christelijke wereld naar buiten (europa) o.a. dmv kruistochten Ja
40%
Tijd van wereldoorlogen Vormen van verzet tegen W-Europees imperialisme Ja
38%
Tijd van burgers en stoommachines Democratische revoluties in westerse landen, discussies: grondwetten grondrechten staatsburgerschap Ja
10%
Tijd van burgers en stoommachines Voortschrijdende democratisering, deelname steeds meer mannen+vrouwen aan politieke proces Nee
10%
Geen overeenkomende quizzen gevonden
Scoreverdeling
Procent van Mensen met Elke Score
Percentiel versus Aantal Correcte Antwoorden
Uw Scoregeschiedenis
U heeft deze quiz nog niet genomen